[Event "Bundesliga 9900"]
[Site "Deutschland"]
[Date "2000.02.20"]
[Round "11.2"]
[White "Van der Sterren, Paul"]
[Black "Rustemov, Alexander"]
[Result "1-0"]
[WhiteElo "2526"]
[BlackElo "2553"]
[PlyCount "95"]
[EventDate "1999.10.09"]
[EventType "team"]
[EventRounds "15"]
[EventCountry "GER"]
[SourceTitle "Bundesliga 9900"]
[Source "DeepChess"]
[SourceDate "2005.01.01"]
[SourceVersion "1"]
[SourceVersionDate "2005.01.01"]
[SourceQuality "1"]
[WhiteTeam "SV Castrop Rauxel 1923"]
[BlackTeam "SV Wattenscheid 1930"]
[WhiteTeamCountry "GER"]
[BlackTeamCountry "GER"]

1. c4 b6 2. d4 Bb7 3. Nc3 e6 4. a3 f5 5. Nf3 Nf6 6. g3 g6 7. Bg2 Bg7 8. d5 O-O
9. O-O Na6 10. Rb1 Nc5 11. Nd2 exd5 12. cxd5 Re8 13. Qc2 d6 14. b4 Ncd7 15. Nb3
a6 16. Rd1 Qe7 17. Nd4 Nf8 18. Bg5 Rac8 19. Rbc1 Qf7 20. Bxf6 Qxf6 21. e3 Qf7
22. Nc6 Bxc6 23. dxc6 Kh8 24. Nd5 Ne6 25. f4 Ra8 26. Qb3 Ra7 27. Bf1 Rb8 28.
Re1 a5 29. Nc3 Bxc3 30. Qxc3+ Qg7 31. Qb3 Nf8 32. e4 axb4 33. axb4 Rba8 34. Qd5
Ra4 35. Bc4 b5 36. Bxb5 Rxb4 37. Bc4 Rba4 38. exf5 Rxc4 39. Rxc4 Ra1 40. Rcc1
Rxc1 41. Rxc1 gxf5 42. Qxf5 Qd4+ 43. Kh1 Ng6 44. Qe6 Ne5 45. Qf6+ Kg8 46. fxe5
Qe4+ 47. Kg1 Qe3+ 48. Kg2 1-0

[Event "Bundesliga 9900"]
[Site "Deutschland"]
[Date "2000.02.20"]
[Round "11.3"]
[White "Hall, Jesper"]
[Black "King, Daniel J"]
[Result "1-0"]
[WhiteElo "2484"]
[BlackElo "2514"]
[PlyCount "55"]
[EventDate "1999.10.09"]
[EventType "team"]
[EventRounds "15"]
[EventCountry "GER"]
[SourceTitle "Bundesliga 9900"]
[Source "DeepChess"]
[SourceDate "2005.01.01"]
[SourceVersion "1"]
[SourceVersionDate "2005.01.01"]
[SourceQuality "1"]
[WhiteTeam "SV Wattenscheid 1930"]
[BlackTeam "SV Castrop Rauxel 1923"]
[WhiteTeamCountry "GER"]
[BlackTeamCountry "GER"]

1. e4 c5 2. Nc3 d6 3. f4 Nc6 4. Bc4 g6 5. Nf3 Bg7 6. O-O Nf6 7. d3 O-O 8. Qe1
Nd4 9. Bb3 e6 10. Nxd4 cxd4 11. Ne2 Qb6 12. Kh1 a5 13. a4 Nd7 14. f5 Nc5 15. f6
Bh8 16. Nxd4 Nxd3 17. cxd3 Qxd4 18. Qc3 e5 19. Bh6 Qxc3 20. bxc3 Re8 21. Bd5
Be6 22. Bxb7 Rab8 23. Bc6 Rec8 24. Bb5 d5 25. exd5 Bxd5 26. c4 Be6 27. Rae1 Bf5
28. Re3 1-0

[Event "Bundesliga 9900"]
[Site "Deutschland"]
[Date "2000.02.20"]
[Round "11.4"]
[White "Hoffmann, Michael"]
[Black "Holzke, Frank"]
[Result "1/2-1/2"]
[WhiteElo "2452"]
[BlackElo "2461"]
[PlyCount "35"]
[EventDate "1999.10.09"]
[EventType "team"]
[EventRounds "15"]
[EventCountry "GER"]
[SourceTitle "Bundesliga 9900"]
[Source "DeepChess"]
[SourceDate "2005.01.01"]
[SourceVersion "1"]
[SourceVersionDate "2005.01.01"]
[SourceQuality "1"]
[WhiteTeam "SV Castrop Rauxel 1923"]
[BlackTeam "SV Wattenscheid 1930"]
[WhiteTeamCountry "GER"]
[BlackTeamCountry "GER"]

1. Nf3 Nf6 2. g3 g6 3. b4 Bg7 4. Bb2 d6 5. Bg2 e5 6. O-O O-O 7. c4 a5 8. b5 Re8
9. Nc3 Nbd7 10. d3 e4 11. Nxe4 Nxe4 12. Bxg7 Kxg7 13. dxe4 Rxe4 14. Nd2 Re5 15.
Ne4 Nf6 16. Qd4 Bh3 17. Nc3 Bxg2 18. Kxg2 1/2-1/2

[Event "Bundesliga 9900"]
[Site "Deutschland"]
[Date "2000.02.20"]
[Round "11.5"]
[White "Ellers, Holger"]
[Black "Dinstuhl, Volkmar"]
[Result "1/2-1/2"]
[WhiteElo "2430"]
[BlackElo "2406"]
[PlyCount "100"]
[EventDate "1999.10.09"]
[EventType "team"]
[EventRounds "15"]
[EventCountry "GER"]
[SourceTitle "Bundesliga 9900"]
[Source "DeepChess"]
[SourceDate "2005.01.01"]
[SourceVersion "1"]
[SourceVersionDate "2005.01.01"]
[SourceQuality "1"]
[WhiteTeam "SV Wattenscheid 1930"]
[BlackTeam "SV Castrop Rauxel 1923"]
[WhiteTeamCountry "GER"]
[BlackTeamCountry "GER"]

1. d4 Nf6 2. c4 e6 3. g3 c5 4. Nf3 cxd4 5. Nxd4 Bb4+ 6. Bd2 Be7 7. Bg2 O-O 8.
O-O Nc6 9. Bf4 d5 10. Nc3 Qb6 11. Nxc6 bxc6 12. Qc2 Ba6 13. cxd5 cxd5 14. Rfd1
Rac8 15. Be3 Bc5 16. Bxc5 Qxc5 17. Qa4 Qb6 18. Rd2 Rc4 19. Qd1 Rfc8 20. e3 h6
21. h3 Rb4 22. Na4 Qc6 23. b3 Rbb8 24. Nb2 Rc7 25. Nd3 Bxd3 26. Rxd3 a5 27. Rd4
Qc3 28. Rd3 Qb2 29. Rd2 Qa3 30. Rc2 Rbc8 31. Rxc7 Rxc7 32. Qd2 Rc8 33. Rd1 Qc5
34. Kh2 Qc2 35. Kg1 Qc5 36. Kh2 h5 37. Bf3 g6 38. Kg2 Kg7 39. Qd4 Qc7 40. Qd2
e5 41. Bxd5 Rd8 42. e4 Nxe4 43. Qe1 Nf6 44. Bc4 Qc6+ 45. Kg1 Rxd1 46. Qxd1 Qe4
47. Qd3 Qe1+ 48. Qf1 Qe4 49. Qd3 Qe1+ 50. Qf1 Qe4 1/2-1/2

[Event "Bundesliga 9900"]
[Site "Deutschland"]
[Date "2000.02.20"]
[Round "11.6"]
[White "Brendel, Oliver"]
[Black "Straeter, Timo"]
[Result "0-1"]
[WhiteElo "2398"]
[BlackElo "2343"]
[PlyCount "90"]
[EventDate "1999.10.09"]
[EventType "team"]
[EventRounds "15"]
[EventCountry "GER"]
[SourceTitle "Bundesliga 9900"]
[Source "DeepChess"]
[SourceDate "2005.01.01"]
[SourceVersion "1"]
[SourceVersionDate "2005.01.01"]
[SourceQuality "1"]
[WhiteTeam "SV Castrop Rauxel 1923"]
[BlackTeam "SV Wattenscheid 1930"]
[WhiteTeamCountry "GER"]
[BlackTeamCountry "GER"]

1. e4 e5 2. Nf3 Nc6 3. Bb5 a6 4. Ba4 d6 5. Bxc6+ bxc6 6. d4 f6 7. Be3 Ne7 8.
Nc3 Ng6 9. Qe2 Be7 10. O-O-O Be6 11. h4 h5 12. dxe5 fxe5 13. Ng5 Bxg5 14. Bxg5
Qb8 15. g3 Qb4 16. a3 Qb7 17. Kb1 Rb8 18. Bc1 Nf8 19. Qe3 Qb6 20. Qxb6 Rxb6 21.
f4 Bg4 22. Rde1 exf4 23. gxf4 Ng6 24. Ne2 O-O 25. f5 Ne5 26. Nf4 Rb7 27. Re3
Re8 28. Rc3 c5 29. Rf1 Nc6 30. Re3 a5 31. Nd5 Kf7 32. Bd2 Ne5 33. Rc3 Reb8 34.
Bc1 c6 35. Ne3 Bf3 36. Nc4 Nxc4 37. Rfxf3 Nd2+ 38. Ka2 Nxf3 39. Rxf3 Re8 40.
Bf4 Rxe4 41. Bxd6 Rxh4 42. b3 c4 43. b4 a4 44. Kb2 Rd7 45. Bb8 Rd5 0-1

[Event "Bundesliga 9900"]
[Site "Deutschland"]
[Date "2000.02.20"]
[Round "11.7"]
[White "Koehn, Peter"]
[Black "Appel, Ralf"]
[Result "0-1"]
[WhiteElo "2336"]
[BlackElo "2475"]
[PlyCount "159"]
[EventDate "1999.10.09"]
[EventType "team"]
[EventRounds "15"]
[EventCountry "GER"]
[SourceTitle "Bundesliga 9900"]
[Source "DeepChess"]
[SourceDate "2005.01.01"]
[SourceVersion "1"]
[SourceVersionDate "2005.01.01"]
[SourceQuality "1"]
[WhiteTeam "SV Wattenscheid 1930"]
[BlackTeam "SV Castrop Rauxel 1923"]
[WhiteTeamCountry "GER"]
[BlackTeamCountry "GER"]

1. e4 Nf6 2. e5 Nd5 3. d4 d6 4. exd6 exd6 5. Nf3 Bf5 6. Be2 Be7 7. O-O O-O 8.
c4 Nb6 9. Be3 Bf6 10. Nc3 Nc6 11. Rc1 Re8 12. d5 Ne5 13. Nd4 Bg6 14. b3 Ned7
15. Qd2 Nc5 16. Rfe1 Nbd7 17. b4 Ne4 18. Nxe4 Bxe4 19. Bf1 a6 20. a3 h5 21. Qd1
h4 22. Qb3 Nf8 23. Rcd1 Be5 24. f3 Bg6 25. Qc3 Bh5 26. Qd2 Ng6 27. Kh1 Qd7 28.
Bd3 Bf6 29. Bf5 Qd8 30. Rc1 Ne5 31. f4 Ng4 32. Bg1 Nh6 33. Rxe8+ Qxe8 34. Bc2
h3 35. gxh3 Qd7 36. Qd3 g6 37. Re1 Re8 38. Rxe8+ Qxe8 39. Qe4 Qd7 40. Kg2 Kf8
41. Be3 Ng8 42. c5 dxc5 43. bxc5 Be7 44. Bb3 Kg7 45. Nf3 Bxf3+ 46. Qxf3 Qf5 47.
Bd4+ Bf6 48. Qe3 Bxd4 49. Qxd4+ Nf6 50. d6 c6 51. Bd1 Kf8 52. Bg4 Qe4+ 53. Qxe4
Nxe4 54. Bc8 Nxc5 55. Kf3 Ke8 56. Ke3 Kd8 57. Bg4 f5 58. Be2 Kd7 59. Bc4 Ne6
60. h4 Kxd6 61. Bd3 Nc7 62. h5 Nd5+ 63. Kf3 gxh5 64. Bxf5 b5 65. Bg6 Nf6 66.
Ke3 h4 67. h3 a5 68. Bf7 a4 69. Kd3 Nd5 70. f5 Ke7 71. Bg8 Kf8 72. Be6 Nf4+ 73.
Kd4 Nxe6+ 74. fxe6 Ke7 75. Kc5 Kxe6 76. Kxc6 b4 77. axb4 a3 78. b5 a2 79. b6
a1=Q 80. b7 0-1

[Event "Bundesliga 9900"]
[Site "Deutschland"]
[Date "2000.02.20"]
[Round "11.8"]
[White "Lemmers, Oscar"]
[Black "Thiel, Thomas"]
[Result "1/2-1/2"]
[WhiteElo "2415"]
[BlackElo "2323"]
[PlyCount "101"]
[EventDate "1999.10.09"]
[EventType "team"]
[EventRounds "15"]
[EventCountry "GER"]
[SourceTitle "Bundesliga 9900"]
[Source "DeepChess"]
[SourceDate "2005.01.01"]
[SourceVersion "1"]
[SourceVersionDate "2005.01.01"]
[SourceQuality "1"]
[WhiteTeam "SV Castrop Rauxel 1923"]
[BlackTeam "SV Wattenscheid 1930"]
[WhiteTeamCountry "GER"]
[BlackTeamCountry "GER"]

1. e4 c5 2. c3 d5 3. exd5 Qxd5 4. d4 Nc6 5. Nf3 cxd4 6. cxd4 e5 7. Nc3 Bb4 8.
Bd2 Bxc3 9. Bxc3 e4 10. Ne5 Nxe5 11. dxe5 Ne7 12. Be2 O-O 13. O-O Qe6 14. Qd4
Qg6 15. Rfd1 Be6 16. f3 Bd5 17. fxe4 Bxe4 18. Bf1 Nd5 19. Be1 Nf4 20. Bg3 Nh5
21. Bh4 Nf4 22. Rd2 Ne6 23. Qe3 Bc6 24. Rad1 Rfe8 25. Bg3 h6 26. Rd6 Qc2 27. b4
a6 28. R6d2 Qe4 29. Qxe4 Bxe4 30. Bc4 Rac8 31. Bb3 Rc3 32. Re2 Bc6 33. Be1 Bb5
34. Bxc3 Bxe2 35. Rd7 Rc8 36. Bd2 Bc4 37. Bd1 Bxa2 38. Bf3 Rd8 39. Rd6 Rxd6 40.
exd6 Nd8 41. b5 Kf8 42. bxa6 bxa6 43. Be2 Ke8 44. Bxa6 Kd7 45. Bb4 Bd5 46. Bb5+
Bc6 47. Bc4 f6 48. Bd3 Bd5 49. Bf5+ Be6 50. Bc2 Bd5 51. Bf5+ 1/2-1/2

[Event "Bundesliga 9900"]
[Site "Deutschland"]
[Date "2000.03.12"]
[Round "12.2"]
[White "Rustemov, Alexander"]
[Black "Rogers, Ian"]
[Result "1/2-1/2"]
[WhiteElo "2553"]
[BlackElo "2562"]
[PlyCount "105"]
[EventDate "1999.10.09"]
[EventType "team"]
[EventRounds "15"]
[EventCountry "GER"]
[SourceTitle "Bundesliga 9900"]
[Source "DeepChess"]
[SourceDate "2005.01.01"]
[SourceVersion "1"]
[SourceVersionDate "2005.01.01"]
[SourceQuality "1"]
[WhiteTeam "SV Wattenscheid 1930"]
[BlackTeam "Delmenhorster SK 1931"]
[WhiteTeamCountry "GER"]
[BlackTeamCountry "GER"]

1. d4 d5 2. c4 c6 3. Nc3 Nf6 4. Nf3 dxc4 5. a4 Bf5 6. e3 e6 7. Bxc4 Bb4 8. O-O
Nbd7 9. Nh4 O-O 10. Nxf5 exf5 11. Qc2 Nb6 12. Bb3 Qd7 13. f3 Rfe8 14. a5 Nbd5
15. Nxd5 Nxd5 16. e4 Nf6 17. Qc4 Bf8 18. Bg5 fxe4 19. fxe4 Rxe4 20. Bxf6 gxf6
21. Rad1 Rd8 22. Rxf6 Rxd4 23. Rxd4 Qxd4+ 24. Qxd4 Rxd4 25. Rxf7 Rb4 26. Rxb7+
Kh8 27. a6 Bc5+ 28. Kh1 Bb6 29. Bc2 Rxb2 30. Bxh7 c5 31. Bf5 c4 32. Rh7+ Kg8
33. Rh4 Rd2 34. g3 c3 35. Rc4 Bd4 36. h4 Kg7 37. Rc6 Be5 38. h5 Rd6 39. Rc5
Bxg3 40. Rxc3 Be5 41. Re3 Bd4 42. Ra3 Rf6 43. Bg6 Rf2 44. Rd3 Bb6 45. Rd5 Kh6
46. Be8 Re2 47. Ba4 Re4 48. Bb5 Rh4+ 49. Kg2 Rxh5 50. Rd6+ Kg7 51. Rxb6 axb6
52. a7 Rh8 53. Bc6 1/2-1/2

[Event "Bundesliga 9900"]
[Site "Deutschland"]
[Date "2000.03.12"]
[Round "12.3"]
[White "Conquest, Stuart"]
[Black "Ziegler, Ari"]
[Result "1-0"]
[WhiteElo "2563"]
[BlackElo "2372"]
[PlyCount "79"]
[EventDate "1999.10.09"]
[EventType "team"]
[EventRounds "15"]
[EventCountry "GER"]
[SourceTitle "Bundesliga 9900"]
[Source "DeepChess"]
[SourceDate "2005.01.01"]
[SourceVersion "1"]
[SourceVersionDate "2005.01.01"]
[SourceQuality "1"]
[WhiteTeam "Delmenhorster SK 1931"]
[BlackTeam "SV Wattenscheid 1930"]
[WhiteTeamCountry "GER"]
[BlackTeamCountry "GER"]

1. d4 d5 2. c4 c6 3. Nf3 Nf6 4. e3 Bf5 5. Nc3 e6 6. Nh4 Be4 7. f3 Bg6 8. Qb3
Qb6 9. Nxg6 hxg6 10. Bd2 Nbd7 11. Bd3 Qxb3 12. axb3 a6 13. Kf2 O-O-O 14. g4 Bd6
15. g5 Ng8 16. e4 dxe4 17. fxe4 Bc5 18. Ne2 e5 19. Ba5 Bb6 20. Bxb6 Nxb6 21. d5
Rh3 22. Ng3 c5 23. b4 cxb4 24. Kg2 Rh4 25. c5 Nd7 26. Rhc1 Nb8 27. c6 Rd6 28.
cxb7+ Kxb7 29. Rc4 Ne7 30. Rxb4+ Ka7 31. Rc4 Rd7 32. Rf1 Rf4 33. Rxf4 exf4 34.
Ne2 Rb7 35. b4 Nd7 36. Nxf4 Ne5 37. Rd4 Rd7 38. b5 Nxd3 39. Nxd3 axb5 40. Ne5
1-0

[Event "Bundesliga 9900"]
[Site "Deutschland"]
[Date "2000.03.12"]
[Round "12.4"]
[White "Sjodahl, Pontus"]
[Black "Gisbrecht, Ewgeni"]
[Result "1/2-1/2"]
[WhiteElo "2419"]
[BlackElo "2422"]
[PlyCount "107"]
[EventDate "1999.10.09"]
[EventType "team"]
[EventRounds "15"]
[EventCountry "GER"]
[SourceTitle "Bundesliga 9900"]
[Source "DeepChess"]
[SourceDate "2005.01.01"]
[SourceVersion "1"]
[SourceVersionDate "2005.01.01"]
[SourceQuality "1"]
[WhiteTeam "SV Wattenscheid 1930"]
[BlackTeam "Delmenhorster SK 1931"]
[WhiteTeamCountry "GER"]
[BlackTeamCountry "GER"]

1. d4 d5 2. c4 c6 3. Nf3 Nf6 4. Qc2 e6 5. g3 Be7 6. Bg2 O-O 7. O-O b6 8. Nbd2
Bb7 9. e4 dxe4 10. Nxe4 Nbd7 11. Bf4 Nxe4 12. Qxe4 Nf6 13. Qe2 c5 14. Rfd1 cxd4
15. Nxd4 Qc8 16. b3 Bc5 17. Nb5 Bxg2 18. Kxg2 a6 19. Nd6 Qc6+ 20. Qf3 Qxf3+ 21.
Kxf3 Rfd8 22. Nb7 Rxd1 23. Rxd1 Be7 24. Rd2 Kf8 25. g4 h6 26. h3 Rc8 27. Nd6
Rc6 28. Ne4 Nxe4 29. Kxe4 Ke8 30. Be5 g6 31. f3 Bb4 32. Rd1 Ke7 33. a3 f5+ 34.
gxf5 exf5+ 35. Kf4 Bd6 36. Re1 Bxe5+ 37. Rxe5+ Kf6 38. Rd5 g5+ 39. Ke3 h5 40.
Rd8 a5 41. Kd4 g4 42. fxg4 hxg4 43. hxg4 fxg4 44. b4 axb4 45. axb4 Kf5 46. Kd5
Rf6 47. Rg8 Kf4 48. c5 bxc5 49. bxc5 g3 50. c6 Rf7 51. Ke6 Rh7 52. Kd6 Kf3 53.
c7 Rxc7 54. Rxg3+ 1/2-1/2

[Event "Bundesliga 9900"]
[Site "Deutschland"]
[Date "2000.03.12"]
[Round "12.5"]
[White "Lauber, Arnd"]
[Black "Holzke, Frank"]
[Result "1-0"]
[WhiteElo "2416"]
[BlackElo "2461"]
[PlyCount "93"]
[EventDate "1999.10.09"]
[EventType "team"]
[EventRounds "15"]
[EventCountry "GER"]
[SourceTitle "Bundesliga 9900"]
[Source "DeepChess"]
[SourceDate "2005.01.01"]
[SourceVersion "1"]
[SourceVersionDate "2005.01.01"]
[SourceQuality "1"]
[WhiteTeam "Delmenhorster SK 1931"]
[BlackTeam "SV Wattenscheid 1930"]
[WhiteTeamCountry "GER"]
[BlackTeamCountry "GER"]

1. d4 Nf6 2. c4 g6 3. Nc3 d5 4. Bf4 Bg7 5. Rc1 Nh5 6. Bd2 c5 7. e3 cxd4 8. exd4
dxc4 9. d5 O-O 10. Bxc4 Nd7 11. Nf3 a6 12. a4 b5 13. axb5 Nb6 14. b3 axb5 15.
Nxb5 Nxd5 16. O-O Bb7 17. Bxd5 Bxd5 18. Nc7 Bxf3 19. Qxf3 Ra7 20. Rfd1 Qb8 21.
Nd5 e6 22. Nb4 Rb7 23. Nc6 Rxb3 24. Nxb8 Rxf3 25. Nd7 Rd3 26. Nxf8 Bxf8 27. Rc8
Rd7 28. Kf1 f6 29. Rxf8+ Kxf8 30. Bh6+ Rg7 31. g4 Ke7 32. gxh5 Rg8 33. Ra1 e5
34. Ra7+ Ke6 35. Rxh7 g5 36. Rb7 Rh8 37. Bg7 Rxh5 38. Rb6+ Kf7 39. Bxf6 Rh6 40.
Bd8 Rxh2 41. Bxg5 Rh5 42. Be3 Rh4 43. Kg2 Ra4 44. Kf3 Rc4 45. Bg5 Ra4 46. Rf6+
Kg7 47. Re6 1-0

[Event "Bundesliga 9900"]
[Site "Deutschland"]
[Date "2000.03.12"]
[Round "12.6"]
[White "Ellers, Holger"]
[Black "Borik, Otto"]
[Result "1-0"]
[WhiteElo "2430"]
[BlackElo "2416"]
[PlyCount "101"]
[EventDate "1999.10.09"]
[EventType "team"]
[EventRounds "15"]
[EventCountry "GER"]
[SourceTitle "Bundesliga 9900"]
[Source "DeepChess"]
[SourceDate "2005.01.01"]
[SourceVersion "1"]
[SourceVersionDate "2005.01.01"]
[SourceQuality "1"]
[WhiteTeam "SV Wattenscheid 1930"]
[BlackTeam "Delmenhorster SK 1931"]
[WhiteTeamCountry "GER"]
[BlackTeamCountry "GER"]

1. d4 Nf6 2. Nf3 d5 3. c4 c6 4. Nc3 e6 5. Bg5 h6 6. Bh4 g5 7. Bg3 Ne4 8. Nxe4
dxe4 9. Nd2 Qxd4 10. e3 Qxb2 11. Rb1 Qc3 12. h4 Nd7 13. hxg5 hxg5 14. Rxh8 Qxh8
15. Nxe4 Nc5 16. Bc7 Bd7 17. Nxc5 Qc3+ 18. Qd2 Qxd2+ 19. Kxd2 Bxc5 20. Rxb7 Bc8
21. Rb1 Kd7 22. Be5 Bd6 23. Bf6 Be7 24. Bxe7 Kxe7 25. c5 e5 26. Bc4 Kf6 27. Kc3
Be6 28. Rb7 Bxc4 29. Kxc4 Rd8 30. Rc7 Rd2 31. Rxc6+ Ke7 32. Rc7+ Ke6 33. Rc6+
Ke7 34. Ra6 Rxf2 35. g4 Re2 36. Rxa7+ Ke6 37. Ra6+ Ke7 38. Kd3 Rg2 39. Ke4
Rxg4+ 40. Kxe5 Rg2 41. Ra7+ Ke8 42. c6 Kd8 43. a4 Rf2 44. a5 f6+ 45. Kd6 Rd2+
46. Ke6 Re2 47. a6 Rxe3+ 48. Kf7 Ra3 49. Rd7+ Kc8 50. a7 g4 51. Re7 1-0

[Event "Bundesliga 9900"]
[Site "Deutschland"]
[Date "2000.03.12"]
[Round "12.7"]
[White "Breutigam, Martin"]
[Black "Straeter, Timo"]
[Result "0-1"]
[WhiteElo "2343"]
[BlackElo "2343"]
[PlyCount "86"]
[EventDate "1999.10.09"]
[EventType "team"]
[EventRounds "15"]
[EventCountry "GER"]
[SourceTitle "Bundesliga 9900"]
[Source "DeepChess"]
[SourceDate "2005.01.01"]
[SourceVersion "1"]
[SourceVersionDate "2005.01.01"]
[SourceQuality "1"]
[WhiteTeam "Delmenhorster SK 1931"]
[BlackTeam "SV Wattenscheid 1930"]
[WhiteTeamCountry "GER"]
[BlackTeamCountry "GER"]

1. d4 d5 2. c4 e6 3. Nf3 c6 4. Nc3 f5 5. Bg5 Nf6 6. e3 Be7 7. Bd3 O-O 8. Qc2
Bd7 9. Ne5 Be8 10. g4 Nxg4 11. Bxe7 Qxe7 12. Nxg4 dxc4 13. Bxc4 fxg4 14. Qe4
Kh8 15. Qxg4 e5 16. dxe5 Qxe5 17. Rd1 Bg6 18. Qg3 Qe8 19. Qc7 b5 20. Qb7 bxc4
21. Qxa8 Qe7 22. Rd2 Bh5 23. Rg1 Re8 24. Rd4 Bf3 25. Rf4 Na6 26. Qxe8+ Qxe8 27.
Rxf3 Nc5 28. Rg4 Nd3+ 29. Kf1 Qb8 30. Re4 h6 31. Re7 Qxb2 32. Rf8+ Kh7 33. Ne4
c3 34. Nxc3 Qxc3 35. Rxa7 Nc5 36. Rff7 Ne6 37. a4 c5 38. a5 c4 39. Rae7 Kg6 40.
Kg2 Qxa5 41. f4 Qd5+ 42. Kg3 Kh5 43. f5 Ng5 0-1

[Event "Bundesliga 9900"]
[Site "Deutschland"]
[Date "2000.03.12"]
[Round "12.8"]
[White "Franke, Johannes"]
[Black "Wesseln, Kai"]
[Result "1/2-1/2"]
[WhiteElo "2272"]
[BlackElo "2356"]
[PlyCount "67"]
[EventDate "1999.10.09"]
[EventType "team"]
[EventRounds "15"]
[EventCountry "GER"]
[SourceTitle "Bundesliga 9900"]
[Source "DeepChess"]
[SourceDate "2005.01.01"]
[SourceVersion "1"]
[SourceVersionDate "2005.01.01"]
[SourceQuality "1"]
[WhiteTeam "SV Wattenscheid 1930"]
[BlackTeam "Delmenhorster SK 1931"]
[WhiteTeamCountry "GER"]
[BlackTeamCountry "GER"]

1. e4 c5 2. Nc3 Nc6 3. g3 g6 4. Bg2 Bg7 5. d3 d6 6. Be3 e5 7. f4 Nge7 8. Nf3
Nd4 9. O-O Bg4 10. Ne2 O-O 11. c3 exf4 12. Nxf4 Ne6 13. Qd2 b6 14. Nxe6 Bxe6
15. Bh6 Qd7 16. Bxg7 Kxg7 17. d4 Rad8 18. Nh4 f6 19. Qe3 cxd4 20. cxd4 Rde8 21.
Qd2 d5 22. e5 fxe5 23. dxe5 d4 24. Rxf8 Rxf8 25. Rd1 Rd8 26. Qf4 d3 27. Nf3 Nf5
28. g4 Nd4 29. Qf6+ Kg8 30. Rxd3 Ne2+ 31. Kf2 Qxd3 32. Qxe6+ Kf8 33. Qf6+ Kg8
34. Qe6+ 1/2-1/2

[Event "Bundesliga 9900"]
[Site "Deutschland"]
[Date "2000.03.12"]
[Round "12.1"]
[White "Ftacnik, Lubomir"]
[Black "Tischbierek, Raj"]
[Result "1-0"]
[WhiteElo "2579"]
[BlackElo "2526"]
[PlyCount "87"]
[EventDate "1999.10.09"]
[EventType "team"]
[EventRounds "15"]
[EventCountry "GER"]
[SourceTitle "Bundesliga 9900"]
[Source "DeepChess"]
[SourceDate "2005.01.01"]
[SourceVersion "1"]
[SourceVersionDate "2005.01.01"]
[SourceQuality "1"]
[WhiteTeam "Hamburger SK 1830 e.V."]
[BlackTeam "Dresdner SC 1898"]
[WhiteTeamCountry "GER"]
[BlackTeamCountry "GER"]

1. d4 d5 2. c4 e6 3. Nf3 Nd7 4. Nc3 Ngf6 5. cxd5 exd5 6. g3 c6 7. Bg2 Bd6 8.
Bf4 Qe7 9. O-O O-O 10. Bxd6 Qxd6 11. a3 Re8 12. Nd2 Nf8 13. e4 dxe4 14. Ndxe4
Nxe4 15. Nxe4 Qh6 16. Qb3 Rb8 17. d5 Bh3 18. Rfe1 Bxg2 19. Kxg2 cxd5 20. Qxd5
Red8 21. Qa5 a6 22. Rad1 Rxd1 23. Rxd1 Qc6 24. Qd5 Rc8 25. Qxc6 Rxc6 26. Rd8 g6
27. b4 Kg7 28. Rd6 Ne6 29. Rd7 Rc7 30. Rxc7 Nxc7 31. Nc5 Nb5 32. Nxb7 Nxa3 33.
Nc5 Kf6 34. f4 Ke7 35. Kf3 Kd6 36. Nxa6 Kd5 37. Kg4 Nc2 38. Kg5 Ne3 39. Kh6 Nf1
40. Kxh7 Nxh2 41. Kg7 Nf1 42. g4 Ne3 43. Kxf7 Nxg4 44. b5 1-0

[Event "Bundesliga 9900"]
[Site "Deutschland"]
[Date "2000.03.12"]
[Round "12.2"]
[White "Boensch, Uwe"]
[Black "Kempinski, Robert"]
[Result "0-1"]
[WhiteElo "2547"]
[BlackElo "2528"]
[PlyCount "72"]
[EventDate "1999.10.09"]
[EventType "team"]
[EventRounds "15"]
[EventCountry "GER"]
[SourceTitle "Bundesliga 9900"]
[Source "DeepChess"]
[SourceDate "2005.01.01"]
[SourceVersion "1"]
[SourceVersionDate "2005.01.01"]
[SourceQuality "1"]
[WhiteTeam "Dresdner SC 1898"]
[BlackTeam "Hamburger SK 1830 e.V."]
[WhiteTeamCountry "GER"]
[BlackTeamCountry "GER"]

1. d4 Nf6 2. c4 g6 3. Nc3 Bg7 4. e4 d6 5. Be2 O-O 6. Bg5 Na6 7. Qc2 c6 8. Rd1
Nc7 9. Nf3 Ne6 10. Bc1 Nh5 11. g3 Nf6 12. O-O Bd7 13. a3 a5 14. Rfe1 Qb6 15.
Bf1 c5 16. e5 Ne8 17. Nd5 Qd8 18. dxc5 Nxc5 19. exd6 exd6 20. Nd4 Nc7 21. Nb6
Rb8 22. b4 axb4 23. axb4 N5a6 24. Nxd7 Qxd7 25. Qb3 Rfe8 26. Be3 Rbd8 27. Bg2
Qc8 28. Rc1 Nb8 29. Red1 h6 30. Qa4 Re7 31. Nb3 Ne6 32. Bb6 Rdd7 33. Qa8 Re8
34. b5 Rde7 35. Rxd6 Nd4 36. Nd2 Ne2+ 0-1

[Event "Bundesliga 9900"]
[Site "Deutschland"]
[Date "2000.03.12"]
[Round "12.3"]
[White "Wahls, Matthias"]
[Black "Maiwald, Jens Uwe"]
[Result "0-1"]
[WhiteElo "2579"]
[BlackElo "2524"]
[PlyCount "70"]
[EventDate "1999.10.09"]
[EventType "team"]
[EventRounds "15"]
[EventCountry "GER"]
[SourceTitle "Bundesliga 9900"]
[Source "DeepChess"]
[SourceDate "2005.01.01"]
[SourceVersion "1"]
[SourceVersionDate "2005.01.01"]
[SourceQuality "1"]
[WhiteTeam "Hamburger SK 1830 e.V."]
[BlackTeam "Dresdner SC 1898"]
[WhiteTeamCountry "GER"]
[BlackTeamCountry "GER"]

1. e4 c5 2. Nf3 e6 3. d4 cxd4 4. Nxd4 a6 5. Bd3 g6 6. c4 Bg7 7. Nf3 Nc6 8. O-O
Qc7 9. Nc3 Nf6 10. h3 O-O 11. Be2 b6 12. Be3 d6 13. Rc1 Nd7 14. Qd2 Nc5 15.
Rfd1 Bxc3 16. Qxc3 Nxe4 17. Qd3 f5 18. Bh6 Re8 19. Nd2 Nc5 20. Qc3 e5 21. b4
Nd4 22. Bf1 Nce6 23. Be3 Bb7 24. f3 a5 25. a3 axb4 26. axb4 Qg7 27. Kh1 g5 28.
Ra1 g4 29. fxg4 fxg4 30. Bf2 Rf8 31. Rxa8 Bxa8 32. Bxd4 Nxd4 33. Kh2 h5 34. c5
bxc5 35. bxc5 dxc5 0-1

[Event "Bundesliga 9900"]
[Site "Deutschland"]
[Date "2000.03.12"]
[Round "12.4"]
[White "Lanka, Zigurds"]
[Black "Mueller, Karsten"]
[Result "1/2-1/2"]
[WhiteElo "2503"]
[BlackElo "2527"]
[PlyCount "47"]
[EventDate "1999.10.09"]
[EventType "team"]
[EventRounds "15"]
[EventCountry "GER"]
[SourceTitle "Bundesliga 9900"]
[Source "DeepChess"]
[SourceDate "2005.01.01"]
[SourceVersion "1"]
[SourceVersionDate "2005.01.01"]
[SourceQuality "1"]
[WhiteTeam "Dresdner SC 1898"]
[BlackTeam "Hamburger SK 1830 e.V."]
[WhiteTeamCountry "GER"]
[BlackTeamCountry "GER"]

1. e4 e6 2. d3 d5 3. Qe2 Nc6 4. Nf3 e5 5. exd5 Qxd5 6. h3 Bf5 7. Bd2 O-O-O 8.
Nc3 Qd7 9. O-O-O f6 10. g4 Be6 11. Bg2 Nge7 12. Rhe1 h5 13. d4 hxg4 14. hxg4
Bxg4 15. dxe5 fxe5 16. Bg5 Qf5 17. Rxd8+ Nxd8 18. Qxe5 Nf7 19. Qxf5+ Nxf5 20.
Bd2 Be7 21. Ne4 Bh3 22. Bh1 Bg4 23. Bg2 Bh3 24. Bh1 1/2-1/2